La música es mi casa (Record no. 1276)
[ view plain ]
| 000 -LEADER | |
|---|---|
| campo de control de longitud fija | 00985nam a22002057a 4500 |
| 008 - DATOS DE LONGITUD FIJA--INFORMACIÓN GENERAL | |
| campo de control de longitud fija | 170904b xxu||||| |||| 00| 0 eng d |
| 020 ## - NÚMERO INTERNACIONAL ESTÁNDAR DEL LIBRO | |
| Número Internacional Estándar del Libro | 9789874615497 |
| 082 ## - NÚMERO DE LA CLASIFICACIÓN DECIMAL DEWEY | |
| Número de clasificación | 782.002.68 |
| Número de ítem | P466m |
| 100 ## - ENTRADA PRINCIPAL--NOMBRE DE PERSONA | |
| Nombre de persona | Pérsico, Gastón |
| 9 (RLIN) | 5964 |
| 245 ## - MENCIÓN DEL TÍTULO | |
| Título | La música es mi casa |
| 260 ## - PUBLICACIÓN, DISTRIBUCIÓN, ETC. | |
| Lugar de publicación, distribución, etc. | Buenos Aires, Argetina |
| Nombre del editor, distribuidor, etc. | Akian Gráfica Editora |
| Fecha de publicación, distribución, etc. | 2017 |
| 300 ## - DESCRIPCIÓN FÍSICA | |
| Extensión | 104 páginas |
| Dimensiones | 26 centímetros |
| 500 ## - NOTA GENERAL | |
| Nota general | Catálogo publicado con motivo a la exposición "La música es mi casa", curada por Mariano Mayer, y presentada del 9 de marzo al 2 de julio de 2017 en Museo de Arte Latinoamericano de Buenos Aires (MALBA). |
| 505 0# - NOTA DE CONTENIDO CON FORMATO | |
| Título | Volumen 1: La música es mi casa. |
| -- | Volumen 2: Featuring |
| Mención de responsabilidad | David Lamelas, Lucio Capece, Pablo Schanton, Djs Pareja, Miguel Mitlag, Mariano Mayer, María Salgado, Marina Zuccon e Yves Bonnefoy. |
| 653 10 - TÉRMINO DE INDIZACIÓN--NO CONTROLADO | |
| Término no controlado | Música contemporánea |
| 653 10 - TÉRMINO DE INDIZACIÓN--NO CONTROLADO | |
| Término no controlado | Catálogo de exhibición |
| 653 10 - TÉRMINO DE INDIZACIÓN--NO CONTROLADO | |
| Término no controlado | Música - Argentina |
| 653 10 - TÉRMINO DE INDIZACIÓN--NO CONTROLADO | |
| Término no controlado | Libro artísticos |
| 700 ## - ENTRADA AGREGADA--NOMBRE PERSONAL | |
| Nombre de persona | Pérsico, Gastón |
| 9 (RLIN) | 5966 |
| Estatus retirado | Estado de pérdida | Fuente del sistema de clasificación o colocación | Estado de daño | No para préstamo | Biblioteca de origen | Biblioteca actual | Ubicación en estantería | Fecha de adquisición | Enumeración/cronología de publicación seriada | Total de préstamos | Signatura topográfica completa | Código de barras | Visto por última vez | Fecha del último préstamo | Precio de reemplazo | Tipo de ítem Koha |
|---|---|---|---|---|---|---|---|---|---|---|---|---|---|---|---|---|
| Clasificación Decimal Dewey | Biblioteca LadoV | Biblioteca LadoV | 04/09/2017 | Volumen 1 | 1 | 782.002.68 P466m | 004392 | 18/10/2017 | 04/09/2017 | 04/09/2017 | Material 01 | |||||
| Clasificación Decimal Dewey | Biblioteca LadoV | Biblioteca LadoV | 25/10/2017 | Volumen 2 | 782.002.68 P466m | 004391 | 25/10/2017 | 25/10/2017 | Material 01 |
